01192cam a2200277 a 4500001000800000005001700008008004100025020003500066020003400101020004000135020003900175050002100214082001500235100001800250245006100268260011200329300002100441440003100462500008100493650002500574710003700599942001500636999001500651952012400666952012400790441445420250818144801.0930317s1994 inu b 001 0 eng  a0253302714qcloth : alk. paper a0253207754qpbk. : alk. paper a9780253302717q(cloth : alk. paper) a9780253207753q(pbk. : alk. paper)00aB5375b.M38 199400a199/.62201 aMasolo, D. A.10aAfrican philosophy in search of identity /cD.A. Masolo. aBloomington and Indianapolis :bIndiana University Press :aEdinburgh :bEdinburgh University Press,c1994. a301 p. :c24 cm. 0aAfrican systems of thought a"Published in association with the International African Institute, London." 0aPhilosophy, African.2 aInternational African Institute. 2lcccBKn0 c7289d7289 00102lcc40708NFICaCUL1bCUL1cGENd2025-08-18l0oB 5375 MASpulct00004356r2025-08-18 14:50:10t1w2025-08-18yBK 00102lcc40708NFICaCUL1bCUL1cGENd2025-08-18l0oB 5375 MASpulct00004357r2025-08-18 14:54:08t1w2025-08-18yBK